| 000 | 00767nam a2200241 u 4500 | ||
|---|---|---|---|
| 003 | DO-SdBNP | ||
| 005 | 20220324104419.0 | ||
| 007 | ta | ||
| 008 | 100802s2019 dr r 000 0 spa d | ||
| 020 | _a9789945484298 | ||
| 040 |
_aDO-SdBNP _bspa _cBNPHU |
||
| 082 | 4 |
_aRD863.5 _bR175e _222 |
|
| 100 | 1 |
_943558 _aRamos, Bladimir, _d1991- |
|
| 245 | 1 | 3 |
_aEl libro de los trastornos / _cBladimir Ramos |
| 260 |
_aSanto Domingo : _bGrupo Editorial Montaño, _bBúho, _c2019. |
||
| 300 |
_a199 p. ; _c24 cm. |
||
| 500 | _aIncluye datos biográficos del autor en las solapas. | ||
| 590 | _aInventariado, 2022 /LP | ||
| 650 | 4 | _aCuentos dominicanos | |
| 650 | 4 | _aLiteratura dominicana | |
| 910 | _aLopérez /Validado. Control de calidad MFF | ||
| 942 |
_2ddc _cLBS1 |
||
| 999 |
_c51287 _d51287 |
||